000 00740cam a2200229 a 4500
001 000009646
005 20200929161645.0
008 780606s1972 cr 001 d spa
040 _aDO-SdBNP
_bspa
_cDLC
_dBNPHU
082 _aG862.44
_bS689c
100 1 _aSolórzano, Carlos.
_b1922-
_924525
245 1 0 _aTeatro /
_cCarlos Solórzano.
260 _aCosta Rica :
_bUniversitaria Centroamericana,
_c1972.
300 _a263 p. ;
_c17 cm.
490 1 _aSéptimo día
505 0 _aLos fantoches.--El Crucificado.--Las manos de Dios.--El sueño del ángel.
650 4 _aTeatro guatemalteco
_924498
650 4 _aLiteratura guatemalteca
_95393
830 0 _aSéptimo día.
_924471
910 _aCatalogación por copia / LC
049 _aBNGR
999 _c9406
_d9406